00352nam a2200121 a 4500008004100000050001900041100001500060245002800075246006900103260003300172300001600205350000900221120416s1967 ||||||||||||||||| || u aTK 6565.S9 Kir aKireyev, M10aSwitchgear Installation aa manual for installers of electrical switchgear and power lines aMoscowbMir Publishersc1967 a382p. : ill a0.00